Juventud, trabajo y desempleo: un análisis psicosociológico

Bewaard in:
Bibliografische gegevens
Coauteur: España. Ministerio de Trabajo y Seguridad Social
Formaat: Texto
Gepubliceerd in: Madrid: Ministerio de Trabajo y Seguridad Social. Centro de publicaciones
Tags: Voeg label toe
Geen labels, Wees de eerste die dit record labelt!

MARC

LEADER 00000 a a2200000 04500
001 31345
003
040
020 |a 84-7434-550-2  
090 |a 198104  
110 |a España. Ministerio de Trabajo y Seguridad Social  
245 |a Juventud, trabajo y desempleo: un análisis psicosociológico  
260 |a Madrid:   |b Ministerio de Trabajo y Seguridad Social. Centro de publicaciones  
300 |a 567 p.  
999 |c 12137  |d 12137